000
00289nam a2200109Ia 4500
008
190913s9999||||xx |||||||||||||| ||und||
100
_a
John A.Byrne
245
0
_a
Business Week's Guide to the best Business Schools
260
_a
New York
_b
McGraw Hill
_c
1999
300
_a
780
942
_c
BK
999
_c
7919
_d
7919